Music Quiz

Random Music or Singers Quiz

Male Solo Artists by Picture Quiz Stats

Quiz Updated Sep 26, 2016

Challenge
Share
Tweet
Score 0/24 Timer 06:00
2 Plays Today
% Correct
Elvis Presley
98.4%
Prince
96.4%
Eminem
93.7%
Paul McCartney
93.4%
Frank Sinatra
86.6%
Seal
84.2%
Usher
82.8%
Ray Charles
82%
Johnny Cash
80.1%
Drake
79.4%
George Michael
78.8%
Lenny Kravitz
77.9%
% Correct
Buddy Holly
75.9%
Ed Sheeran
71.9%
PSY
69.8%
Lil Wayne
63.1%
John Mayer
56%
Kenny G
52.3%
The Weeknd
51.4%
Beck
47.3%
Neil Young
43.5%
Brad Paisley
42.9%
Toby Keith
41.2%
Peter Frampton
29%

You're not logged in!

Compare scores with friends on all Sporcle quizzes.
Sign Up with Email
OR
Log In

You Might Also Like...

Show Comments

Extras

Top Quizzes Today


Score Distribution

Your Account Isn't Verified!

In order to create a playlist on Sporcle, you need to verify the email address you used during registration. Go to your Sporcle Settings to finish the process.